000
00288nam a22001217a 4500
008
251121b |||||||| |||| 00| 0 eng d
020
_a
978-81-8431-288-1
100
_a
J.S. Chitode
245
_a
Signals & Systems
260
_a
Pune
_b
Technical
_c
2010
300
_a
2010
942
_2
ddc
_c
BK
999
_c
21623
_d
21623